000
00329nam a22001457a 4500
999
_c
9254
_d
9254
003
OSt
008
201119b ||||| |||| 00| 0 eng d
100
_a
Vasisht, S. L.
245
_a
Organic Chemistry
250
_a
9th ed
260
_a
New Delhi
_b
R.Chand
_c
2018
300
_a
269
650
_a
B.Sc Non Medical
942
_2
ddc
_c
BK